Educacion fisica (Record no. 5070)

MARC details
000 -LEADER
campo de control de longitud fija 01092npm a2200241 i 4500
001 - NÚMERO DE CONTROL
campo de control 5070
003 - IDENTIFICADOR DE NÚMERO DE CONTROL
campo de control ES-MaACL
005 - FECHA Y HORA DE LA ÚLTIMA TRANSACCIÓN
campo de control 20250814001600.0
007 - CAMPO FIJO DE DESCRIPCIÓN FÍSICA--INFORMACIÓN GENERAL
campo de control de longitud fija hzrazu bucu
008 - DATOS DE LONGITUD FIJA--INFORMACIÓN GENERAL
campo de control de longitud fija 890404r19891925sp b 00010 spa d
080 ## - NÚMERO DE LA CLASIFICACIÓN DECIMAL UNIVERSAL
Número de la Clasificación Decimal Universal 614(061.21)
100 0# - ENTRADA PRINCIPAL--NOMBRE DE PERSONA
Nombre de persona Porras Forero, Emilio César.
9 (RLIN) 93151
245 10 - MENCIÓN DEL TÍTULO
Título Educacion fisica
Resto del título : [Microforma] : concepto general, desde el punto de vista higienico, de los deportes actuales y su accion benefica o perjudicial en el desarrollo de la juventud /
Mención de responsabilidad, etc. por Emilio Cesar Porras Forero.
260 ## - PUBLICACIÓN, DISTRIBUCIÓN, ETC.
Lugar de publicación, distribución, etc. Madrid :
Nombre del editor, distribuidor, etc. Ateneo Cientifico, Literario y Artistico,
Fecha de publicación, distribución, etc. 1989.
300 ## - DESCRIPCIÓN FÍSICA
Extensión 28 fotogramas en 1 microficha :
Otras características físicas negativo.
490 1# - MENCIÓN DE SERIE
Mención de serie Memorias premiadas de la Sociedad Española de Higiene. Legado Roel ;
Designación de volumen o secuencia 33
500 ## - NOTA GENERAL
Nota general Publicado originalmente: Madrid, Sociedad Española de Higiene, 1925.
810 2# - PUNTO DE ACCESO ADICIONAL DE SERIE--NOMBRE DE ENTIDAD CORPORATIVA
Nombre de entidad corporativa o nombre de jurisdicción como elemento de entrada Sociedad Española de Higiene-
Subencabezamiento de forma Memorias premiadas
9 (RLIN) 6727
830 00 - PUNTO DE ACCESO ADICIONAL DE SERIE-TÍTULO UNIFORME
Título uniforme Legado Roel: Colección de memorias premiadas
Designación de volumen o secuencia 33
9 (RLIN) 183286
852 ## - LOCALIZACIÓN
Ubicación ES-MaACL
Número de control de estantería MCF-3
itemnumber 5187
Ubicación en estantería Depósito 1
942 ## - ELEMENTOS DE ENTRADA SECUNDARIOS (KOHA)
Fuente del sistema de clasificación o colocación Clasificación decimal universal
Tipo de ítem Koha Microforma
Holdings
Estatus retirado Estado de pérdida Estado de daño No para préstamo Biblioteca de origen Biblioteca actual Ubicación en estantería Fecha de adquisición Fuente de adquisición Total de préstamos Signatura topográfica completa Código de barras Visto por última vez Precio de reemplazo Tipo de ítem Koha
        Biblioteca del Ateneo de Madrid Biblioteca del Ateneo de Madrid Depósito 1 17/01/2008     MCF-3 1005133 23/02/2023 23/02/2023 Microforma